Journey through ten thousand veils : the alchemy of transformation on the Sufi path (Record no. 41235)

MARC details
000 -LEADER
fixed length control field 00484nam a2200181Ia 4500
020 ## - INTERNATIONAL STANDARD BOOK NUMBER
ISBN 978-1-59784-1351
050 ## - CALL MARK
Classification number BP 80 .F413 A3/
100 ## - STATEMENT OF RESPONSIBILITY--MAIN AUTHOR NAME
Personal name Faye, Maryam Kabeer
245 #0 - TITLE STATEMENT
Title Journey through ten thousand veils : the alchemy of transformation on the Sufi path
260 ## - PUBLICATION, DISTRIBUTION, ETC. (IMPRINT)
Place of publication New Jersey
260 ## - PUBLICATION, DISTRIBUTION, ETC. (IMPRINT)
Name of publisher Tyghra Books
260 ## - PUBLICATION, DISTRIBUTION, ETC. (IMPRINT)
Year of publication 2009
300 ## - PHYSICAL DESCRIPTION
Number of Pages 305 p
650 ## - SUBJECT ADDED ENTRY--TOPICAL TERM
Topical Term New Jersey
942 ## - ADDED ENTRY ELEMENTS (KOHA)
Koha item type Books
Holdings
Withdrawn status Lost status Source of classification or shelving scheme Damaged status Not for loan Permanent Location Current Location Shelving location Date acquired Accession Number Price effective from Koha item type
    Library of Congress Classification     NILE UNIVERSITY OF NIGERIA - MAIN LIBRARY NILE UNIVERSITY OF NIGERIA - MAIN LIBRARY Items on shelf 06/03/2025 0001745 06/03/2025 Books